000 01104nam a2200289Ia 4500
003 CO-BoRNBP
005 20230901143138.0
008 161213s2016 ck a g 000 0 spa
020 _a9789585964518
040 _aCO-BoRNBP
_bspa
_erda
_cCO-BoRNBP
082 0 4 _a(i)745.5 R896g
_222
100 1 _aRubio, Natalia
_985038
245 1 3 _aEl gran libro de la plastilina
_cinvestigación y textos Natalia Rubio ; dirección editorial Juan Carlos Oliveros Fortich ; fotografía Enrique Guzmán T
250 _aEdición especial
264 _aBogotá
_bLexus
_c2016
300 _a199, [1] páginas
_bfotografías en color
_c34 cm
_d1 DVD
336 _atexto
_btxt
_2rdacontent
337 _asin mediación
_bn
_2rdamedia
338 _avolumen
_bnc
_2rdacarrier
490 _aPlan Nacional de Lectura y Escritura Leer es mi Cuento. 2016
650 1 4 _2LEMB
_aTrabajos manuales (Educación)
_911664
650 1 4 _2LEMB
_aPlastilina
_xEnseñanza
_985039
650 1 4 _2LEMB
_aModelado en plastilina
_985040
700 1 _aOliveros Fortich, Juan Carlos
_984318
700 1 _aGuzmán T., Enrique
_985041
942 _2ddc
_cBK
999 _c3181
_d3181